MAŁE ZWIERZĘTA, KTÓRYCH SIĘ BOIMY: - Statystyki

Ogólne statystyki
  • Ten quiz został rozwiązany 126 razy
  • Średni wynik to 3 z 5
Statystyki odpowiedzi
Odpowiedź % Poprawnych
PAJĄKI
90%
MYSZY
81%
SZCZURY
73%
WĘŹE
69%
JASCZCZURKI
1%
Nie znaleziono quizów pasujących do podanych kryteriów
Rozkład punktacji
Procent ludzi z każdym wynikiem
Percentyl według liczby udzielonych odpowiedzi
Twoja historia wyników
Nie rozwiązałeś tego quizu